000
00341nam a22001457a 4500
008
210322b ||||| |||| 00| 0 eng d
020
_a
9780205158058
041
_a
eng
080
_2
3rd
_a
159.9
082
_a
159.9
100
_a
48
101
_a
PSI
245
_a
Foundations of Physiological Psychology
_c
Carlson, N. R
942
_2
udc
_c
BK
999
_c
56667
_d
56667